|
|
|
|
| LEADER |
00000nab a2200000 ar4500 |
| 001 |
vtls010070147 |
| 003 |
SK-MaSNL |
| 005 |
20260304233607.0 |
| 008 |
100301c20100218xo dr|n|||||||000 b|slo |
| 015 |
|
|
|a SNBRB2010/03
|2 snkbucl
|
| 038 |
|
|
|a SNKBUCL
|
| 040 |
|
|
|a SNKBUCL
|b slo
|c SNKBUCL
|e AACR2
|
| 041 |
0 |
|
|a slo
|
| 044 |
|
|
|a xo
|c SK
|
| 080 |
|
|
|a 629.331.1
|2 2001
|
| 100 |
1 |
|
|a Dúbravský, Dodo,
|d 1964-
|4 aut
|9 263888
|
| 245 |
1 |
0 |
|a Elegantný sťahovák
|b Mercedes - Benz E 350 CDI T BlueEFFICIENCY
|c Dodo Dúbravský
|
| 300 |
|
|
|b Obr.
|
| 650 |
0 |
7 |
|a Mercedes-Benz E 350 CDI (osobný automobil)
|2 snkbucl
|9 1569439
|
| 650 |
0 |
7 |
|a technické parametre
|2 snkbucl
|9 452097
|
| 650 |
0 |
7 |
|a osobné automobily
|2 snkbucl
|9 26643
|
| 773 |
0 |
|
|t Šport
|g Roč. 64, č. 40 (18.2.2010), s. 42
|x 0139-7001
|
| 852 |
|
|
|a SNK
|b KIS3GCP
|
| 999 |
|
|
|c 3199366
|d 3201296
|